000 00290nam a22001337a 4500
008 170824b xxu||||| |||| 00| 0 eng d
020 _a9780321331908
041 _aeng
080 _25 ED
_a51
100 _a38
101 _aMAT
245 _aPRECALCULUS
_cELLENBOGEN.J
942 _2udc
_cBK
999 _c24851
_d24851